| 000 | 00427nam a22001577a 4500 | ||
|---|---|---|---|
| 999 |
_c528066 _d528066 |
||
| 003 | NUST | ||
| 005 | 20190827102607.0 | ||
| 038 | _aFaiza | ||
| 082 |
_a297.18 _bWAR |
||
| 100 |
_aWarraich, M. Nasir Mahmood _919600 |
||
| 245 |
_aA Native Orientalist: Ibn Warraq on the Quran / _cM. Nasir Mahmood Warraich |
||
| 260 |
_aSargodha, _bUniversity of Sargodha: _c2016. |
||
| 300 | _a190p. ; | ||
| 500 | _aHard Cover | ||
| 942 |
_2ddc _cBK |
||